000 00245nam a22001097a 4500
082 _a621.38152 BRU
100 _aBRUK.V.A
_943422
245 _aSEMICONDUCTOR TECHNOLOGY
260 _aMOSCOW
_bMIR PUBLISHERS
_c1968
300 _a336P
942 _cBK
999 _c584519
_d584519